|
|
|
|
| LEADER |
00000nam a22000007i 4500 |
| 001 |
IT\ICCU\LO1\1178985 |
| 003 |
ItRI |
| 005 |
20260115232150.0 |
| 008 |
080314s2008 it |||||| ||||| |||||c |
| 020 |
|
|
|a 9788888865492
|
| 040 |
|
|
|b ita
|c importazione bologna sebina
|
| 041 |
|
7 |
|a ita
|2 ISO-639-2
|
| 082 |
|
|
|a 364.164091638
|9 ATTI DI VIOLENZA CONTRO LA VIOLENZA. MARE MEDITERRANEO
|2 21
|
| 100 |
1 |
|
|a Wilson, Peter Lamborn
|0 IT\ICCU\SBLV\134322
|4 aut
|
| 240 |
1 |
0 |
|a Pirates utopias.
|3 IT\ICCU\LO1\1178986
|9 Wilson, Peter Lamborn
|
| 245 |
1 |
3 |
|a Le repubbliche dei pirati :
|b corsari mori e rinnegati europei nel Mediterraneo /
|c Peter Lamborn Wilson (Hakim Bey).
|
| 260 |
|
|
|a Milano :
|b Shake,
|c stampa 2008
|
| 300 |
|
|
|a 204 p. :
|b ill. ;
|c 17 cm.
|
| 650 |
|
7 |
|a Corsari
|x Salé <Marocco>
|x Sec. 17.
|2 scbi
|
| 650 |
|
7 |
|a Pirateria
|x Mare Mediterraneo
|x Sec. 17.
|
| 790 |
0 |
|
|a Hakim Bey
|3 IT\ICCU\RAVV\104423
|z Wilson, Peter Lamborn
|
| 790 |
1 |
|
|a Bey, Hakim
|3 IT\ICCU\CFIV\153485
|z Wilson, Peter Lamborn
|
| 830 |
|
0 |
|a Tascabili
|0 IT\ICCU\UBO\3189819
|
| 942 |
|
|
|2 ddc
|c BK
|n 0
|
| 952 |
|
|
|0 0
|1 0
|4 0
|6 DOC_910_450000000000000_LAM
|7 0
|9 21259
|a BO
|b BO
|d 2026-01-15
|i 12217
|l 0
|o DOC 910.45 LAM
|p BO12217
|r 2026-01-15 23:21:50
|w 2026-01-15
|x [Sebina 5] [1 v.]
|y BK
|z 1 v.
|
| 999 |
|
|
|c 18163
|d 18163
|